[Event "Turniej Blitza na II Lidze Juniorów 2018"]
[Site "Szczyrk, Poland"]
[Date "2018.07.26"]
[Round "1.16"]
[White "Lorenc, Marian"]
[Black "Guzik, Michal"]
[Result "1-0"]
[TimeControl "3'+2\""]
[WhiteElo "1845"]
[BlackElo "1292"]

1. Nf3 {[%clk 00:03:02]} {[%emt 00:14:40]} d5 {[%clk 00:03:01]} {[%emt
00:00:07]} 2. d4 {[%clk 00:03:03]} {[%emt 00:00:01]} e6 {[%clk 00:03:01]}
{[%emt 00:00:02]} 3. c4 {[%clk 00:03:04]} {[%emt 00:00:01]} Nf6 {[%clk
00:03:02]} {[%emt 00:00:02]} 4. g3 {[%clk 00:03:05]} {[%emt 00:00:01]} c5
{[%clk 00:03:03]} 5. cxd5 {[%clk 00:03:04]} {[%emt 00:00:02]} exd5 {[%clk
00:03:03]} {[%emt 00:00:02]} 6. Bg2 {[%clk 00:03:05]} {[%emt 00:00:01]} Nc6
{[%clk 00:02:58]} {[%emt 00:00:07]} 7. O-O {[%clk 00:03:06]} {[%emt 00:00:02]}
Be7 {[%clk 00:02:53]} {[%emt 00:00:06]} 8. dxc5 {[%clk 00:03:06]} {[%emt
00:00:02]} Bxc5 {[%clk 00:02:51]} {[%emt 00:00:04]} 9. Bg5 {[%clk 00:03:07]}
{[%emt 00:00:01]} Be6 {[%clk 00:02:28]} {[%emt 00:00:25]} 10. Nc3 {[%clk
00:03:06]} {[%emt 00:00:03]} d4 {[%clk 00:02:22]} {[%emt 00:00:09]} 11. Ne4
{[%clk 00:03:06]} {[%emt 00:00:01]} Be7 {[%clk 00:02:21]} {[%emt 00:00:03]} 12.
Bxf6 {[%clk 00:02:58]} {[%emt 00:00:10]} Bxf6 {[%clk 00:02:21]} {[%emt
00:00:02]} 13. Nc5 {[%clk 00:02:59]} {[%emt 00:00:01]} O-O {[%clk 00:02:18]}
{[%emt 00:00:05]} 14. Nxe6 {[%clk 00:02:59]} {[%emt 00:00:02]} fxe6 {[%clk
00:02:19]} 15. Qb3 {[%clk 00:03:00]} {[%emt 00:00:01]} Qe7 {[%clk 00:02:16]}
{[%emt 00:00:06]} 16. Bh3 {[%clk 00:03:01]} {[%emt 00:00:01]} Rfe8 {[%clk
00:02:13]} {[%emt 00:00:04]} 17. Nd2 {[%clk 00:02:57]} {[%emt 00:00:06]} Kh8
{[%clk 00:02:02]} {[%emt 00:00:13]} 18. Ne4 {[%clk 00:02:58]} e5 {[%clk
00:02:02]} {[%emt 00:00:02]} 19. Rac1 {[%clk 00:02:52]} {[%emt 00:00:08]} Rab8
{[%clk 00:01:44]} {[%emt 00:00:20]} 20. Qf3 {[%clk 00:02:41]} {[%emt 00:00:13]}
Rf8 {[%clk 00:01:36]} {[%emt 00:00:10]} 21. Qh5 {[%clk 00:02:41]} {[%emt
00:00:02]} Nd8 {[%clk 00:01:16]} {[%emt 00:00:22]} 22. Bf5 {[%clk 00:02:41]}
{[%emt 00:00:02]} g6 {[%clk 00:01:18]} 23. Bxg6 {[%clk 00:02:42]} {[%emt
00:00:02]} Ne6 {[%clk 00:01:14]} {[%emt 00:00:06]} 24. Rc4 {[%clk 00:02:17]}
{[%emt 00:00:26]} Rg8 {[%clk 00:01:10]} {[%emt 00:00:06]} 25. Bf5 {[%clk
00:02:08]} {[%emt 00:00:12]} Ng5 {[%clk 00:01:10]} {[%emt 00:00:02]} 26. Nxf6
{[%clk 00:02:06]} {[%emt 00:00:03]} Qxf6 {[%clk 00:01:03]} {[%emt 00:00:09]} 27.
Bb1 {[%clk 00:01:59]} {[%emt 00:00:10]} Qe6 {[%clk 00:01:00]} {[%emt 00:00:04]}
28. Rc7 {[%clk 00:01:56]} {[%emt 00:00:04]} e4 {[%clk 00:00:49]} {[%emt
00:00:14]} 29. h4 {[%clk 00:01:53]} {[%emt 00:00:06]} Ra8 {[%emt 00:00:33]} 1-0

[Event "Turniej Blitza na II Lidze Juniorów 2018"]
[Site "Szczyrk, Poland"]
[Date "2018.07.26"]
[Round "1.58"]
[White "Burdzicki, Jan"]
[Black "Sleczka, Krzysztof"]
[Result "1-0"]
[TimeControl "3'+2\""]
[WhiteElo "1491"]
[BlackElo "1087"]

1. d4 {[%clk 00:03:02]} {[%emt 00:00:02]} d5 {[%clk 00:03:04]} 2. c4 {[%clk
00:03:03]} {[%emt 00:00:01]} e6 {[%clk 00:03:05]} 3. Nc3 {[%clk 00:03:04]} Nf6
{[%clk 00:03:06]} {[%emt 00:00:01]} 4. Bg5 {[%clk 00:03:04]} {[%emt 00:00:02]}
c6 {[%clk 00:03:07]} {[%emt 00:00:01]} 5. e3 {[%clk 00:03:03]} {[%emt
00:00:02]} Nbd7 {[%clk 00:03:08]} {[%emt 00:00:02]} 6. Nf3 {[%clk 00:03:04]}
{[%emt 00:00:01]} Qa5 {[%clk 00:03:09]} {[%emt 00:00:01]} 7. a3 {[%clk
00:02:54]} {[%emt 00:00:13]} Ne4 {[%clk 00:02:46]} {[%emt 00:00:25]} 8. Qc1
{[%clk 00:02:13]} {[%emt 00:00:42]} dxc4 {[%clk 00:02:32]} {[%emt 00:00:16]} 9.
Bf4 {[%clk 00:02:06]} {[%emt 00:00:09]} Ndf6 {[%clk 00:02:07]} {[%emt
00:00:27]} 10. Bxc4 {[%clk 00:01:57]} {[%emt 00:00:11]} Nd5 {[%emt 00:00:24]}
11. Bxd5 {[%clk 00:00:58]} {[%emt 00:00:59]} cxd5 {[%emt 00:00:03]} 12. O-O
{[%clk 00:00:56]} {[%emt 00:00:03]} Nxc3 {[%clk 00:01:45]} {[%emt 00:00:05]} 13.
Qxc3 {[%clk 00:00:52]} {[%emt 00:00:06]} Qxc3 {[%clk 00:01:38]} {[%emt
00:00:09]} 14. bxc3 {[%clk 00:00:54]} Be7 {[%clk 00:01:38]} {[%emt 00:00:02]}
15. Rfc1 {[%clk 00:00:48]} {[%emt 00:00:07]} Bd7 {[%clk 00:01:29]} {[%emt
00:00:11]} 16. c4 {[%clk 00:00:49]} {[%emt 00:00:01]} dxc4 {[%clk 00:01:20]}
{[%emt 00:00:11]} 17. Rxc4 {[%clk 00:00:50]} Bb5 {[%clk 00:01:22]} 18. Rc7
{[%emt 00:00:11]} Bc6 {[%clk 00:01:11]} {[%emt 00:00:11]} 19. Ne5 {[%emt
00:00:11]} Bd6 {[%clk 00:00:45]} {[%emt 00:00:27]} 20. Nxf7 {[%clk 00:00:35]}
{[%emt 00:00:02]} Bxc7 {[%clk 00:00:44]} {[%emt 00:00:03]} 21. Nxh8 {[%clk
00:00:36]} Bxf4 {[%clk 00:00:44]} {[%emt 00:00:02]} 22. exf4 {[%clk 00:00:36]}
{[%emt 00:00:01]} Ke7 {[%clk 00:00:45]} {[%emt 00:00:01]} 23. Ng6+ {[%clk
00:00:32]} {[%emt 00:00:06]} hxg6 {[%clk 00:00:46]} {[%emt 00:00:02]} 24. f3
{[%clk 00:00:32]} {[%emt 00:00:01]} Rd8 {[%clk 00:00:46]} {[%emt 00:00:02]} 25.
Rd1 {[%clk 00:00:33]} {[%emt 00:00:01]} Kf6 {[%clk 00:00:44]} {[%emt 00:00:05]}
26. Kf2 {[%clk 00:00:34]} {[%emt 00:00:01]} Kf5 {[%clk 00:00:45]} {[%emt
00:00:01]} 27. Ke3 {[%clk 00:00:35]} g5 {[%clk 00:00:42]} {[%emt 00:00:05]} 28.
g4+ {[%clk 00:00:35]} {[%emt 00:00:03]} Kf6 {[%clk 00:00:41]} {[%emt 00:00:03]}
29. fxg5+ {[%clk 00:00:35]} {[%emt 00:00:01]} Kxg5 {[%clk 00:00:42]} {[%emt
00:00:02]} 30. Rc1 {[%clk 00:00:35]} {[%emt 00:00:01]} Re8 {[%clk 00:00:40]}
{[%emt 00:00:04]} 31. Rc5+ {[%clk 00:00:35]} {[%emt 00:00:02]} Kf6 {[%clk
00:00:40]} {[%emt 00:00:02]} 32. h4 {[%clk 00:00:36]} {[%emt 00:00:01]} e5
{[%clk 00:00:39]} {[%emt 00:00:04]} 33. d5 {[%clk 00:00:36]} {[%emt 00:00:02]}
Bd7 {[%clk 00:00:33]} {[%emt 00:00:08]} 34. Rc7 {[%clk 00:00:36]} {[%emt
00:00:02]} Ke7 {[%clk 00:00:32]} {[%emt 00:00:02]} 35. Rxb7 {[%clk 00:00:36]}
{[%emt 00:00:02]} Kd6 {[%clk 00:00:33]} 36. Rxa7 {[%clk 00:00:37]} {[%emt
00:00:01]} Bb5 {[%clk 00:00:31]} {[%emt 00:00:04]} 37. Ra5 {[%clk 00:00:37]}
{[%emt 00:00:02]} Bc4 {[%clk 00:00:31]} {[%emt 00:00:02]} 38. Ra7 {[%clk
00:00:37]} {[%emt 00:00:02]} g6 {[%clk 00:00:27]} {[%emt 00:00:06]} 39. Rg7
{[%clk 00:00:37]} {[%emt 00:00:01]} Bxd5 40. Rxg6+ Kc5 {[%clk 00:00:27]} {[%emt
00:00:01]} 41. h5 {[%clk 00:00:38]} {[%emt 00:00:03]} Rf8 {[%clk 00:00:26]}
{[%emt 00:00:03]} 42. h6 {[%clk 00:00:34]} {[%emt 00:00:06]} Bf7 {[%clk
00:00:26]} {[%emt 00:00:01]} 43. Rg7 {[%clk 00:00:32]} {[%emt 00:00:03]} Rh8
{[%clk 00:00:21]} {[%emt 00:00:08]} 44. Rxf7 {[%clk 00:00:31]} {[%emt
00:00:03]} Rxh6 {[%clk 00:00:23]} 45. Rf5 {[%clk 00:00:31]} {[%emt 00:00:01]}
Kd5 {[%clk 00:00:22]} {[%emt 00:00:03]} 46. a4 {[%clk 00:00:32]} {[%emt
00:00:01]} Ra6 {[%clk 00:00:23]} 47. g5 {[%clk 00:00:33]} Rxa4 {[%clk
00:00:23]} {[%emt 00:00:02]} 48. g6 {[%clk 00:00:35]} {[%emt 00:00:01]} Ra8
{[%clk 00:00:24]} {[%emt 00:00:01]} 49. g7 {[%clk 00:00:33]} {[%emt 00:00:04]}
Rg8 {[%clk 00:00:25]} 50. Rg5 {[%clk 00:00:34]} {[%emt 00:00:01]} Ke6 {[%clk
00:00:24]} {[%emt 00:00:03]} 51. Ke4 {[%clk 00:00:34]} {[%emt 00:00:02]} Kf6
{[%clk 00:00:22]} {[%emt 00:00:03]} 52. Rg1 {[%clk 00:00:30]} {[%emt 00:00:07]}
Ke6 {[%clk 00:00:19]} {[%emt 00:00:05]} 53. Rg6+ {[%clk 00:00:29]} {[%emt
00:00:03]} Kf7 {[%clk 00:00:20]} {[%emt 00:00:01]} 54. Rg2 {[%clk 00:00:25]}
{[%emt 00:00:06]} Ke6 {[%clk 00:00:21]} 55. Rg5 {[%clk 00:00:25]} {[%emt
00:00:02]} Kf6 {[%clk 00:00:19]} {[%emt 00:00:04]} 56. Rg4 {[%clk 00:00:26]}
{[%emt 00:00:02]} Ke6 {[%clk 00:00:19]} {[%emt 00:00:01]} 57. Rg1 {[%clk
00:00:27]} Kf6 {[%clk 00:00:19]} {[%emt 00:00:02]} 58. Rg4 {[%clk 00:00:24]}
{[%emt 00:00:05]} Ke6 {[%clk 00:00:19]} {[%emt 00:00:02]} 59. Rg6+ {[%clk
00:00:24]} {[%emt 00:00:01]} Kf7 {[%clk 00:00:20]} {[%emt 00:00:02]} 60. Kf5
{[%clk 00:00:26]} {[%emt 00:00:01]} Rxg7 {[%clk 00:00:14]} {[%emt 00:00:08]} 61.
Rxg7+ {[%clk 00:00:25]} {[%emt 00:00:02]} Kxg7 62. Kxe5 {[%clk 00:00:26]} Kf7
{[%clk 00:00:17]} 63. Kf5 {[%clk 00:00:26]} {[%emt 00:00:01]} Ke7 {[%clk
00:00:18]} 64. Kg6 {[%clk 00:00:27]} {[%emt 00:00:01]} Kf8 {[%clk 00:00:17]}
{[%emt 00:00:03]} 65. Kf6 {[%clk 00:00:27]} {[%emt 00:00:02]} Ke8 {[%clk
00:00:19]} 66. f4 {[%clk 00:00:28]} {[%emt 00:00:01]} Kf8 {[%clk 00:00:20]} 67.
f5 {[%clk 00:00:29]} {[%emt 00:00:01]} Ke8 {[%clk 00:00:21]} 68. Kg7 {[%clk
00:00:31]} Ke7 {[%clk 00:00:21]} {[%emt 00:00:02]} 69. f6+ {[%clk 00:00:32]}
1-0

[Event "Turniej Blitza na II Lidze Juniorów 2018"]
[Site "Szczyrk, Poland"]
[Date "2018.07.26"]
[Round "1.26"]
[White "Partyka, Pawel"]
[Black "Grzybek, Mikolaj"]
[Result "1-0"]
[TimeControl "3'+2\""]
[WhiteElo "1772"]
[BlackElo "1243"]

1. c4 {[%clk 00:03:03]} {[%emt 00:00:01]} e6 {[%clk 00:03:02]} {[%emt
00:00:01]} 2. Nc3 {[%clk 00:03:04]} c5 {[%clk 00:03:03]} {[%emt 00:00:02]} 3.
g3 {[%clk 00:03:04]} {[%emt 00:00:02]} Nc6 {[%clk 00:03:04]} 4. Bg2 {[%clk
00:03:06]} {[%emt 00:00:01]} Qc7 {[%clk 00:03:03]} {[%emt 00:00:02]} 5. e3
{[%clk 00:03:07]} {[%emt 00:00:01]} Nf6 {[%clk 00:03:04]} {[%emt 00:00:02]} 6.
Nge2 {[%clk 00:03:08]} a6 {[%clk 00:03:04]} 7. O-O {[%clk 00:03:09]} {[%emt
00:00:02]} b6 {[%clk 00:02:59]} {[%emt 00:00:07]} 8. b3 {[%clk 00:03:09]}
{[%emt 00:00:02]} Bb7 {[%clk 00:03:00]} 9. Bb2 {[%clk 00:03:08]} {[%emt
00:00:03]} O-O-O {[%clk 00:03:00]} {[%emt 00:00:02]} 10. a4 {[%clk 00:03:07]}
{[%emt 00:00:03]} d5 {[%clk 00:02:57]} {[%emt 00:00:05]} 11. cxd5 {[%clk
00:02:58]} {[%emt 00:00:11]} Nxd5 {[%clk 00:02:57]} {[%emt 00:00:02]} 12. Nxd5
{[%clk 00:02:58]} {[%emt 00:00:02]} exd5 {[%clk 00:02:59]} {[%emt 00:00:01]} 13.
d4 {[%clk 00:02:59]} {[%emt 00:00:01]} cxd4 {[%clk 00:02:41]} {[%emt 00:00:20]}
14. Nxd4 {[%clk 00:02:53]} {[%emt 00:00:07]} f6 {[%clk 00:02:35]} {[%emt
00:00:07]} 15. Nxc6 {[%clk 00:02:54]} {[%emt 00:00:02]} Bxc6 {[%clk 00:02:36]}
{[%emt 00:00:02]} 16. Rc1 {[%clk 00:02:50]} {[%emt 00:00:05]} Kb7 {[%clk
00:02:36]} {[%emt 00:00:02]} 17. Bd4 {[%clk 00:02:45]} {[%emt 00:00:07]} Be7
{[%clk 00:02:25]} {[%emt 00:00:12]} 18. Rc2 {[%clk 00:02:43]} {[%emt 00:00:05]}
Rhe8 {[%clk 00:02:19]} {[%emt 00:00:08]} 19. Qd2 {[%clk 00:02:40]} {[%emt
00:00:05]} a5 {[%clk 00:02:19]} {[%emt 00:00:03]} 20. Rfc1 {[%clk 00:02:40]}
{[%emt 00:00:01]} Bb4 {[%clk 00:02:18]} {[%emt 00:00:03]} 21. Qd3 {[%clk
00:02:32]} {[%emt 00:00:09]} h6 {[%clk 00:02:20]} {[%emt 00:00:02]} 22. Rxc6
{[%clk 00:02:26]} {[%emt 00:00:07]} Qxc6 {[%clk 00:02:15]} {[%emt 00:00:07]} 23.
Rxc6 {[%clk 00:02:27]} {[%emt 00:00:01]} Kxc6 {[%clk 00:02:15]} {[%emt
00:00:01]} 24. Qb5+ {[%clk 00:02:28]} {[%emt 00:00:03]} Kd6 {[%clk 00:02:12]}
{[%emt 00:00:04]} 25. Qxb6+ {[%clk 00:02:20]} {[%emt 00:00:10]} Ke7 {[%clk
00:02:13]} {[%emt 00:00:01]} 26. Bc5+ {[%clk 00:02:16]} {[%emt 00:00:06]} Bxc5
{[%clk 00:02:13]} {[%emt 00:00:02]} 27. Qxc5+ {[%clk 00:02:17]} {[%emt
00:00:02]} Kf7 {[%clk 00:02:13]} 28. Bxd5+ {[%clk 00:02:16]} {[%emt 00:00:03]}
Kg6 {[%clk 00:02:14]} {[%emt 00:00:02]} 29. Qc2+ {[%clk 00:02:11]} {[%emt
00:00:05]} f5 {[%clk 00:02:13]} {[%emt 00:00:04]} 30. Qc6+ {[%clk 00:02:08]}
{[%emt 00:00:04]} Kh7 {[%clk 00:02:13]} {[%emt 00:00:04]} 31. Kg2 {[%clk
00:01:55]} {[%emt 00:00:15]} Re7 {[%clk 00:02:10]} {[%emt 00:00:04]} 32. Qc5
{[%clk 00:01:44]} {[%emt 00:00:13]} Red7 {[%clk 00:02:11]} 33. Be6 {[%clk
00:01:40]} {[%emt 00:00:05]} Rd6 {[%clk 00:02:10]} {[%emt 00:00:04]} 34. Qxf5+
{[%clk 00:01:34]} {[%emt 00:00:08]} Kh8 {[%clk 00:02:09]} {[%emt 00:00:03]} 35.
g4 {[%clk 00:01:28]} {[%emt 00:00:08]} Re8 {[%clk 00:01:59]} {[%emt 00:00:11]}
36. Bc4 {[%clk 00:01:25]} {[%emt 00:00:05]} Rdd8 {[%clk 00:01:53]} {[%emt
00:00:08]} 37. g5 {[%clk 00:01:25]} {[%emt 00:00:02]} Rf8 {[%clk 00:01:54]}
{[%emt 00:00:02]} 38. Qxa5 {[%clk 00:01:20]} {[%emt 00:00:07]} Rd2 {[%clk
00:01:49]} {[%emt 00:00:06]} 39. Qxd2 {[%clk 00:01:19]} {[%emt 00:00:03]} 1-0

[Event "Turniej Blitza na II Lidze Juniorów 2018"]
[Site "Szczyrk, Poland"]
[Date "2018.07.26"]
[Round "1.18"]
[White "Dytman, Radoslaw"]
[Black "Wesolowski, Jeremi"]
[Result "1-0"]
[TimeControl "3'+2\""]
[WhiteElo "1841"]
[BlackElo "1267"]

1. e4 {[%clk 00:03:02]} c6 {[%clk 00:03:03]} {[%emt 00:00:02]} 2. d4 {[%clk
00:03:03]} {[%emt 00:00:01]} d5 {[%clk 00:03:04]} 3. Nc3 {[%clk 00:03:05]}
{[%emt 00:00:01]} dxe4 {[%clk 00:03:03]} {[%emt 00:00:03]} 4. Nxe4 {[%clk
00:03:04]} {[%emt 00:00:02]} Nf6 {[%clk 00:03:03]} {[%emt 00:00:02]} 5. Nxf6+
{[%clk 00:03:05]} {[%emt 00:00:02]} exf6 {[%clk 00:03:04]} 6. c3 {[%clk
00:03:03]} {[%emt 00:00:04]} Bf5 {[%clk 00:03:04]} {[%emt 00:00:01]} 7. Bd3
{[%clk 00:03:04]} {[%emt 00:00:02]} Bxd3 8. Qxd3 {[%clk 00:03:05]} Nd7 {[%clk
00:03:06]} {[%emt 00:00:01]} 9. Nf3 {[%clk 00:03:06]} {[%emt 00:00:01]} c5
{[%clk 00:03:05]} {[%emt 00:00:04]} 10. Bf4 {[%clk 00:03:05]} {[%emt 00:00:03]}
Be7 {[%clk 00:03:04]} {[%emt 00:00:03]} 11. d5 {[%clk 00:03:05]} {[%emt
00:00:02]} Nb6 {[%clk 00:03:01]} {[%emt 00:00:04]} 12. d6 {[%clk 00:02:54]}
{[%emt 00:00:13]} Bxd6 {[%clk 00:02:58]} {[%emt 00:00:05]} 13. Qxd6 {[%clk
00:02:53]} {[%emt 00:00:03]} Qxd6 {[%clk 00:02:56]} {[%emt 00:00:04]} 14. Bxd6
{[%clk 00:02:54]} Nd7 {[%clk 00:02:54]} {[%emt 00:00:04]} 15. O-O-O {[%clk
00:02:49]} {[%emt 00:00:07]} b6 {[%clk 00:02:52]} {[%emt 00:00:05]} 16. Rhe1+
{[%clk 00:02:47]} {[%emt 00:00:03]} Kd8 {[%clk 00:02:52]} {[%emt 00:00:01]} 17.
Re2 {[%clk 00:02:47]} {[%emt 00:00:04]} Re8 {[%clk 00:02:51]} {[%emt 00:00:02]}
18. Red2 {[%clk 00:02:48]} {[%emt 00:00:01]} Kc8 {[%clk 00:02:46]} {[%emt
00:00:07]} 19. Bg3 {[%clk 00:02:44]} {[%emt 00:00:05]} Ne5 {[%clk 00:02:43]}
{[%emt 00:00:06]} 20. Bxe5 {[%clk 00:02:43]} {[%emt 00:00:04]} fxe5 {[%clk
00:02:43]} 21. Ng5 {[%clk 00:02:44]} {[%emt 00:00:01]} f6 {[%clk 00:02:32]}
{[%emt 00:00:13]} 22. Ne4 {[%clk 00:02:36]} {[%emt 00:00:09]} Kb8 {[%clk
00:02:14]} {[%emt 00:00:20]} 23. Rd7 {[%clk 00:02:36]} {[%emt 00:00:03]} Rc8
{[%clk 00:01:52]} {[%emt 00:00:24]} 24. Nd6 {[%clk 00:02:37]} {[%emt 00:00:02]}
a5 {[%clk 00:01:26]} {[%emt 00:00:27]} 25. Rb7# {[%clk 00:02:34]} {[%emt
00:00:02]} 1-0

[Event "Turniej Blitza na II Lidze Juniorów 2018"]
[Site "Szczyrk, Poland"]
[Date "2018.07.26"]
[Round "1.17"]
[White "Kebel, Bartosz"]
[Black "Krasiewicz, Robert"]
[Result "0-1"]
[TimeControl "3'+2\""]
[WhiteElo "1283"]
[BlackElo "1842"]

1. d4 {[%clk 00:03:04]} f5 {[%clk 00:03:03]} {[%emt 00:00:02]} 2. c4 {[%clk
00:03:05]} Nf6 {[%clk 00:03:04]} 3. Nc3 {[%clk 00:03:06]} {[%emt 00:00:02]} d6
{[%clk 00:03:05]} {[%emt 00:00:01]} 4. Nf3 {[%clk 00:03:02]} {[%emt 00:00:05]}
g6 {[%clk 00:03:06]} {[%emt 00:00:01]} 5. Bf4 {[%clk 00:02:55]} {[%emt
00:00:10]} Bg7 {[%clk 00:03:06]} {[%emt 00:00:01]} 6. e3 {[%clk 00:02:56]}
{[%emt 00:00:01]} O-O {[%clk 00:03:06]} {[%emt 00:00:02]} 7. Bd3 {[%emt
00:00:03]} Nh5 {[%clk 00:02:48]} {[%emt 00:00:19]} 8. Bg3 {[%clk 00:02:55]}
{[%emt 00:00:03]} Nc6 {[%clk 00:02:47]} {[%emt 00:00:03]} 9. Ng5 {[%clk
00:02:42]} {[%emt 00:00:14]} f4 {[%clk 00:02:30]} {[%emt 00:00:21]} 10. exf4
{[%clk 00:02:32]} {[%emt 00:00:11]} Nxf4 {[%clk 00:02:30]} {[%emt 00:00:02]} 11.
O-O {[%clk 00:02:08]} {[%emt 00:00:27]} Nxd4 {[%clk 00:02:24]} {[%emt
00:00:07]} 12. Re1 {[%clk 00:01:58]} {[%emt 00:00:12]} e5 {[%clk 00:02:22]}
{[%emt 00:00:03]} 13. Nd5 {[%clk 00:01:56]} {[%emt 00:00:04]} Nxd5 {[%clk
00:02:16]} {[%emt 00:00:08]} 14. cxd5 {[%clk 00:01:49]} {[%emt 00:00:09]} Qxg5
{[%clk 00:02:13]} {[%emt 00:00:05]} 15. Rc1 {[%clk 00:01:40]} {[%emt 00:00:11]}
c5 {[%clk 00:02:06]} {[%emt 00:00:09]} 16. dxc6 {[%clk 00:01:39]} {[%emt
00:00:03]} bxc6 {[%clk 00:01:56]} {[%emt 00:00:13]} 17. Qa4 {[%clk 00:01:12]}
{[%emt 00:00:26]} Be6 {[%clk 00:01:45]} {[%emt 00:00:15]} 18. h4 {[%clk
00:01:02]} {[%emt 00:00:12]} Qg4 {[%clk 00:01:40]} {[%emt 00:00:07]} 19. Bc4
{[%clk 00:00:53]} {[%emt 00:00:11]} d5 {[%clk 00:01:20]} {[%emt 00:00:21]} 20.
Bb3 {[%clk 00:00:54]} {[%emt 00:00:02]} Ne2+ {[%clk 00:01:10]} {[%emt
00:00:12]} 21. Kh2 {[%clk 00:00:43]} {[%emt 00:00:13]} Nxc1 {[%clk 00:01:06]}
{[%emt 00:00:06]} 22. Rxc1 {[%clk 00:00:34]} {[%emt 00:00:11]} Qxa4 {[%clk
00:01:04]} {[%emt 00:00:05]} 23. Bxa4 {[%clk 00:00:35]} {[%emt 00:00:01]} Bd7
{[%clk 00:00:58]} {[%emt 00:00:07]} 24. Bxc6 {[%clk 00:00:33]} {[%emt
00:00:04]} Bxc6 {[%clk 00:00:58]} 25. Rxc6 {[%clk 00:00:34]} Rac8 {[%clk
00:00:54]} {[%emt 00:00:05]} 26. Rd6 {[%clk 00:00:35]} {[%emt 00:00:02]} Rfd8
{[%clk 00:00:54]} {[%emt 00:00:02]} 27. Re6 {[%clk 00:00:36]} {[%emt 00:00:02]}
d4 {[%clk 00:00:42]} {[%emt 00:00:13]} 28. Ra6 {[%clk 00:00:36]} {[%emt
00:00:02]} Rd7 {[%clk 00:00:42]} {[%emt 00:00:02]} 29. Ra5 {[%clk 00:00:35]}
{[%emt 00:00:02]} d3 {[%clk 00:00:43]} {[%emt 00:00:02]} 30. Bxe5 {[%clk
00:00:24]} {[%emt 00:00:13]} Bxe5+ {[%clk 00:00:44]} {[%emt 00:00:02]} 31. Rxe5
{[%clk 00:00:24]} {[%emt 00:00:01]} d2 {[%clk 00:00:45]} 32. b4 {[%clk
00:00:24]} {[%emt 00:00:03]} d1=Q {[%clk 00:00:45]} {[%emt 00:00:02]} 33. b5
{[%clk 00:00:25]} {[%emt 00:00:02]} Qd6 {[%clk 00:00:45]} {[%emt 00:00:02]} 34.
f4 {[%clk 00:00:24]} {[%emt 00:00:03]} Rc4 {[%clk 00:00:42]} {[%emt 00:00:04]}
35. Re2 {[%clk 00:00:21]} {[%emt 00:00:05]} Qxf4+ {[%clk 00:00:42]} {[%emt
00:00:02]} 36. g3 {[%clk 00:00:22]} {[%emt 00:00:01]} Qf3 {[%clk 00:00:41]}
{[%emt 00:00:03]} 37. Rg2 {[%clk 00:00:20]} {[%emt 00:00:04]} Rd3 {[%clk
00:00:40]} {[%emt 00:00:03]} 38. a3 {[%clk 00:00:18]} {[%emt 00:00:04]} Rg4
{[%clk 00:00:41]} {[%emt 00:00:01]} 39. a4 {[%clk 00:00:19]} {[%emt 00:00:02]}
Rxg3 {[%clk 00:00:40]} {[%emt 00:00:01]} 40. Rc2 {[%clk 00:00:15]} {[%emt
00:00:05]} Rh3+ {[%clk 00:00:41]} {[%emt 00:00:03]} 41. Kg1 {[%clk 00:00:15]}
{[%emt 00:00:02]} Rd1# {[%clk 00:00:42]} {[%emt 00:00:02]} 0-1

[Event "Turniej Blitza na II Lidze Juniorów 2018"]
[Site "Szczyrk, Poland"]
[Date "2018.07.26"]
[Round "1.40"]
[White "Pedrak, Paulina"]
[Black "Sulima, Franciszek"]
[Result "1-0"]
[TimeControl "3'+2\""]
[WhiteElo "1596"]
[BlackElo "1176"]

1. e4 {[%clk 00:03:02]} {[%emt 00:00:01]} c5 {[%clk 00:03:02]} {[%emt
00:00:02]} 2. Nf3 {[%clk 00:03:02]} {[%emt 00:00:02]} d6 {[%clk 00:03:03]}
{[%emt 00:00:01]} 3. d4 {[%clk 00:03:00]} {[%emt 00:00:04]} cxd4 {[%clk
00:03:03]} {[%emt 00:00:02]} 4. Nxd4 {[%clk 00:03:01]} Nf6 {[%clk 00:03:04]}
{[%emt 00:00:01]} 5. Nc3 {[%clk 00:03:01]} {[%emt 00:00:02]} e6 {[%clk
00:03:04]} {[%emt 00:00:03]} 6. Bg5 {[%clk 00:02:54]} {[%emt 00:00:09]} Be7
{[%clk 00:03:04]} {[%emt 00:00:02]} 7. Qd2 {[%clk 00:02:44]} {[%emt 00:00:12]}
a6 {[%clk 00:02:41]} {[%emt 00:00:24]} 8. Bd3 {[%clk 00:02:41]} {[%emt
00:00:05]} Nbd7 {[%clk 00:02:39]} {[%emt 00:00:04]} 9. f3 {[%clk 00:02:37]}
{[%emt 00:00:06]} Qc7 {[%clk 00:02:26]} {[%emt 00:00:15]} 10. g4 {[%clk
00:02:20]} {[%emt 00:00:19]} b5 {[%clk 00:02:17]} {[%emt 00:00:11]} 11. Be3
{[%clk 00:02:01]} {[%emt 00:00:21]} Nb6 {[%clk 00:01:58]} {[%emt 00:00:21]} 12.
g5 {[%clk 00:01:33]} {[%emt 00:00:30]} Nfd7 {[%clk 00:01:53]} {[%emt 00:00:07]}
13. f4 {[%clk 00:00:46]} {[%emt 00:00:49]} Bb7 {[%clk 00:01:33]} {[%emt
00:00:22]} 14. Rf1 {[%clk 00:00:24]} {[%emt 00:00:25]} d5 {[%clk 00:01:27]}
{[%emt 00:00:07]} 15. f5 {[%clk 00:00:18]} {[%emt 00:00:09]} e5 {[%clk
00:01:24]} {[%emt 00:00:05]} 16. Nf3 {[%clk 00:00:09]} {[%emt 00:00:11]} d4
{[%clk 00:01:23]} {[%emt 00:00:03]} 17. Nxd4 {[%clk 00:00:10]} exd4 {[%clk
00:01:24]} {[%emt 00:00:01]} 18. Bxd4 {[%clk 00:00:11]} {[%emt 00:00:01]} Qxh2
{[%clk 00:01:12]} {[%emt 00:00:13]} 19. Qxh2 {[%clk 00:00:11]} {[%emt
00:00:03]} Bxg5 {[%clk 00:01:06]} {[%emt 00:00:08]} 20. Qg2 {[%clk 00:00:13]}
Bf6 {[%clk 00:01:06]} {[%emt 00:00:02]} 21. Bxf6 {[%clk 00:00:14]} {[%emt
00:00:01]} Nxf6 {[%clk 00:01:07]} 22. Qxg7 {[%clk 00:00:15]} Ke7 {[%clk
00:01:07]} {[%emt 00:00:02]} 23. Qg3 {[%clk 00:00:15]} {[%emt 00:00:01]} Rac8
{[%clk 00:00:59]} {[%emt 00:00:10]} 24. Qe5+ {[%clk 00:00:16]} {[%emt
00:00:01]} Kf8 {[%clk 00:01:00]} {[%emt 00:00:02]} 25. Qxf6 {[%clk 00:00:16]}
{[%emt 00:00:01]} Rg8 {[%clk 00:01:00]} {[%emt 00:00:02]} 26. Qxb6 {[%clk
00:00:17]} {[%emt 00:00:01]} 1-0